Normal view
MARC view
- Conflict management
Entry Topical Term
001 - CONTROL NUMBER
- control field: 90896
003 - CONTROL NUMBER IDENTIFIER
- control field: NUST
005 - DATE AND TIME OF LATEST TRANSACTION
- control field: 20220411121503.0
008 - FIXED-LENGTH DATA ELEMENTS
- fixed length control field: 220411|| aca||aabn | a|a d
040 ## - CATALOGING SOURCE
- Original cataloging agency: NUST
- Transcribing agency: NUST
150 ## - HEADING--TOPICAL TERM
- Topical term or geographic name entry element: Conflict management
- Geographic subdivision: Pakistan
- Geographic subdivision: Karachi
- Form subdivision: Case studies
670 ## - SOURCE DATA FOUND
- Source citation: Work cat.: (NUST)0: The challenge of conflict prevention in Pakistan :
